| 000 | 00000nam 2200000za 4500 |
| 001 | 9.677353 |
| 003 | CaOODSP |
| 005 | 20221107134418 |
| 007 | cr ||||||||||| |
| 008 | 150407s2015 xxc|||||o f|0| 0 fre d |
| 020 | |a978-0-660-22852-5 |
| 040 | |aCaOODSP|bfre |
| 043 | |an-cn--- |
| 086 | 1 |aM134-32/5-2014F-PDF |
| 245 | 00|aNorme ISO 50001 sur les systèmes de gestion de l'énergie – Lincoln Electric |h[ressource électronique]. |
| 260 | |a[Ottawa] : |bRessources naturelles Canada, |cc2015. |
| 300 | |a8 p. : |bfig., photographiers, tableau. |
| 500 | |aPublié aussi en anglais sous le titre : ISO 50001 energy management systems standard certification – Lincoln Electric. |
| 692 | 07|2gccst|aGestion énergétique |
| 692 | 07|2gccst|aRendement énergétique |
| 710 | 1 |aCanada.|bRessources naturelles Canada. |bDirection du pétrole et du gaz. |
| 775 | 08|tISO 50001 energy management systems standard certification – Lincoln Electric |w(CaOODSP)9.629759 |
| 856 | 40|qPDF|s1.09 Mo|uhttps://publications.gc.ca/collections/collection_2016/rncan-nrcan/M134-32-5-2014-fra.pdf |